| 000 | 00833cam a2200253 a 4500 | ||
|---|---|---|---|
| 001 | 000019720 | ||
| 005 | 20200929170120.0 | ||
| 008 | 960321s1965 sp 001 j spa d | ||
| 040 |
_aDO-SdBNP _cDLC _dDLC _dBNPHU |
||
| 082 |
_a863.6 _bE77c, 1965 |
||
| 100 | 1 |
_aEspinosa, Aurelio Macedonio, _d1880-1958 _942170 |
|
| 245 | 1 | 0 |
_aCuentos populares de España / _cAurelio Macedonio Espinosa. |
| 250 | _a3a ed. | ||
| 260 |
_aMadrid : _bEspasa Calpe, _c1965. |
||
| 300 |
_a214 [18] p. ; _c18 cm. |
||
| 490 | 1 |
_aAustral. Azul: Novelas y cuentos en general _v585 |
|
| 500 | _aIncluye índice de autores. | ||
| 650 | 4 |
_aCuentos españoles _93194 |
|
| 650 | 4 |
_aLiteratura española _9632 |
|
| 830 | 0 |
_aAustral ; _pAzul: Novelas y cuentos en general. _v585 _922386 |
|
| 910 | _aCatalogación derivada / LC | ||
| 910 | _aWM | ||
| 049 | _aBNGR | ||
| 999 |
_c19234 _d19234 |
||